000 00740nam a2200169 a 4500
008 120416s1986 ||||||||||||||||| || u
020 _a0198536097
050 _aQA 571 Mat
100 _aGregory, J. A
245 1 4 _aThe mathematics of surfaces
_cedited by J. A. Gregory
260 _aOxford:
_bClarendon
_c1986
350 _a0.00
650 _aMATHEMATICS OF SURFACES
650 0 _aMATHEMATICS--HANDBOOKS, MANUALS, ETC
995 _aMAIN LIBRARY OPEN ACCESS
_D0.00
_e728002
_FCBU-MAIN LIBRARY (Kitwe)
_H2
_I50.00
_jQA 571 Mat
_M1
_UAVAILABLE
_y026079
_ZMain Library Open Access Collection
995 _aMAIN LIBRARY OPEN ACCESS
_D0.00
_e728001
_FCBU-MAIN LIBRARY (Kitwe)
_H1
_I50.00
_jQA 571 Mat
_M2
_UAVAILABLE
_y026150
_ZMain Library Open Access Collection
999 _c82764
_d82764